[Event "SR 3. liga A2 2004/2005"]
[Site "?"]
[Date "2004.??.??"]
[Round "?"]
[White "Gubis, Vladimir"]
[Black "Vegh, Vince"]
[Result "1-0"]
[WhiteElo "1805"]
[BlackElo "1670"]
[Annotator "Velky Meder - Piestany B"]
[PlyCount "95"]
[EventDate "2004.??.??"]

1. d4 Nf6 2. Nf3 e6 3. c4 b6 4. Nc3 Bb4 5. e3 Bb7 6. Be2 O-O 7. O-O c5 8. a3
cxd4 9. axb4 dxc3 10. bxc3 Nc6 11. Qc2 Qc7 12. Rd1 a5 13. b5 Ne5 14. Nxe5 Qxe5
15. f4 Qc5 16. Rd4 Rfe8 17. Ba3 Qc8 18. Bd6 Qd8 19. e4 Nxe4 20. Rxe4 Bxe4 21.
Qxe4 Qf6 22. Qd4 Qxd4+ 23. cxd4 f6 24. c5 g5 25. fxg5 e5 26. Bc4+ Kg7 27. gxf6+
Kxf6 28. Bxe5+ Rxe5 29. dxe5+ Kxe5 30. cxb6 Rb8 31. Rxa5 Rxb6 32. Ra6 Rb7 33.
Be2 d5 34. b6 Kd4 35. Bf3 h6 36. Kf2 Rb8 37. Ra5 Rxb6 38. Rxd5+ Kc4 39. Kg3 Rf6
40. Rd1 Kc5 41. Kg4 Kc4 42. Kh5 Kc5 43. h4 Kc4 44. Rd8 Kc5 45. Rh8 Kd4 46. Rxh6
Rf5+ 47. Kg4 Ke5 48. Rh5 1-0

[Event "SR 3. liga A2 2004/2005"]
[Site "?"]
[Date "2004.??.??"]
[Round "?"]
[White "Halas, Miroslav"]
[Black "Vach, Pavol"]
[Result "0-1"]
[WhiteElo "1830"]
[BlackElo "2125"]
[Annotator "Trnava C - Senica B"]
[PlyCount "104"]
[EventDate "2004.??.??"]

1. e4 e6 2. d4 d5 3. exd5 exd5 4. Bd3 Nf6 5. Nf3 Be7 6. O-O O-O 7. Bg5 Bg4 8.
Nbd2 Nbd7 9. h3 Bh5 10. Re1 c5 11. dxc5 Nxc5 12. Be2 Ne6 13. c3 Qb6 14. Bxf6
Bxf6 15. Qb3 Qxb3 16. Nxb3 Rac8 17. Rad1 Rfd8 18. Nfd4 Bxe2 19. Rxe2 Nxd4 20.
Nxd4 Kf8 21. f4 Rc4 22. Red2 Bxd4+ 23. Rxd4 Rxd4 24. Rxd4 b5 25. Kf2 $11 Ke7
26. a4 a6 27. axb5 axb5 28. Rb4 Rb8 29. Ke3 Kd6 30. Rb3 Re8+ 31. Kd3 Kc5 32.
Ra3 Re4 33. Ra6 b4 34. g3 bxc3 35. bxc3 Re1 36. Ra7 Rg1 37. Rc7+ Kd6 38. Rxf7
Rxg3+ 39. Kd4 Rg1 40. Rf8 Rd1+ 41. Ke3 Rh1 42. Kd4 Rxh3 43. Rd8+ Kc6 44. Rxd5
Rd3+ 45. Kxd3 Kxd5 46. f5 h5 47. f6 gxf6 48. Ke3 f5 49. Kf3 Kc4 50. Kf4 h4 51.
Kf3 Kxc3 52. Kg2 Kd3 0-1

[Event "SR 3. liga A2 2004/2005"]
[Site "?"]
[Date "2004.??.??"]
[Round "?"]
[White "Palka, Miroslav"]
[Black "Uvacek, Radovan"]
[Result "1-0"]
[WhiteElo "2040"]
[BlackElo "1735"]
[Annotator "Trnava C - Senica B"]
[PlyCount "83"]
[EventDate "2004.??.??"]

1. c4 c5 2. Nc3 Nc6 3. e4 e5 4. Nge2 g6 5. d3 Bg7 6. Nd5 Nge7 7. Bg5 O-O 8.
Nec3 f6 9. Be3 d6 10. Qd2 Nxd5 11. Nxd5 Be6 12. Be2 Bxd5 13. cxd5 Ne7 14. O-O
f5 15. f4 Qb6 16. Rab1 Qc7 17. fxe5 Bxe5 18. b4 b6 19. Bh6 Rf7 20. Rfc1 Bd4+
21. Be3 Bxe3+ 22. Qxe3 Qd7 23. bxc5 dxc5 24. Bf3 Re8 25. Re1 Nxd5 26. Qg5 Nc3
27. Rb3 Qd4+ 28. Kh1 Nxa2 29. h4 Nb4 30. h5 Kg7 31. Rd1 Re5 32. h6+ Kh8 33. Qf4
Nd5 34. Qg3 Ne3 35. Rc1 Kg8 36. Ra3 fxe4 37. dxe4 Rfe7 38. Qf4 Rf7 39. Qxe3
Rxf3 40. gxf3 Rh5+ 41. Kg1 Qb2 42. Qb3+ 1-0

[Event "SR 3. liga A2 2004/2005"]
[Site "?"]
[Date "2004.??.??"]
[Round "?"]
[White "Jancik, Ondrej"]
[Black "Skapikova, Lubica"]
[Result "0-1"]
[WhiteElo "1720"]
[BlackElo "2000"]
[Annotator "Trnava C - Senica B"]
[PlyCount "52"]
[EventDate "2004.??.??"]

1. e4 e5 2. Nf3 Nc6 3. Bb5 a6 4. Ba4 Nf6 5. O-O Be7 6. Re1 b5 7. Bb3 O-O 8. c3
d5 9. exd5 Nxd5 10. Nxe5 Nxe5 11. Rxe5 c6 12. d4 Bd6 13. Re1 Qh4 14. g3 Qh3 15.
Be3 Bg4 16. Qd3 Rae8 17. Qf1 Qh5 18. Nd2 Kh8 19. Qg2 Re6 20. a4 Rfe8 21. axb5
Nxe3 22. Qxc6 Bxg3 23. Qh1 Bxf2+ 24. Kxf2 Qh4+ 25. Kg1 Rf6 26. Rxe3 Qf2# 0-1

[Event "SR 3. liga A2 2004/2005"]
[Site "?"]
[Date "2004.??.??"]
[Round "?"]
[White "Hrusovsky, Frantisek"]
[Black "Sipkovsky, Ivan"]
[Result "0-1"]
[WhiteElo "1620"]
[BlackElo "1910"]
[Annotator "Trnava C - Senica B"]
[PlyCount "127"]
[EventDate "2004.??.??"]

1. e4 c5 2. Nf3 d6 3. d4 cxd4 4. Nxd4 Nf6 5. Nc3 g6 6. Be3 Bg7 7. Be2 O-O 8.
Nb3 Nc6 9. O-O Bd7 10. f4 a6 11. Qe1 b5 12. a3 Ng4 13. Bxg4 Bxg4 14. h3 Bd7 15.
Rd1 Rc8 16. Nd4 Na5 17. b3 Nc6 18. Rd3 Re8 19. Nce2 Qc7 20. c3 Qb7 21. Nf3 Na5
22. Nd2 Be6 23. Nd4 Bd7 24. Ne2 Bc6 25. Ng3 d5 26. e5 d4 27. Bxd4 Bxg2 28. Rf2
Bxh3 29. Rh2 Be6 30. Nge4 Bf5 31. Re3 Nc6 32. Qh4 h5 33. Nc5 Qc7 34. Nf3 Qa5
35. Ra2 Nxd4 36. cxd4 Rc6 37. b4 Qd8 38. Rd2 Qd5 39. Qe1 Bh6 40. Qg3 Bg4 41.
Red3 Rd8 42. Nh2 Bf5 43. Rc3 Bc8 44. Nf3 Kh7 45. Ng5+ Bxg5 46. Qxg5 f6 47. Qh4
Rg8 48. Re3 Qc4 49. Re1 Kh6 50. Kf2 g5 51. Qg3 gxf4 52. Qxf4+ Kh7 53. Qe4+ f5
54. Qxc6 Qc3 55. Rd3 Qc2+ 56. Re2 Qc1 57. Rg3 Qf4+ 58. Qf3 Qh4 59. Qg2 f4 60.
Qe4+ Kh8 61. Ke1 Qxg3+ 62. Kd2 f3 63. Re3 Qg2+ 64. Kc3 0-1

[Event "SR 3. liga A2 2004/2005"]
[Site "?"]
[Date "2004.??.??"]
[Round "?"]
[White "Zisek, Miroslav"]
[Black "Klanica, Anton"]
[Result "1-0"]
[WhiteElo "1770"]
[BlackElo "1700"]
[Annotator "Trnava C - Senica B"]
[PlyCount "89"]
[EventDate "2004.??.??"]

1. c4 Nf6 2. Nc3 e5 3. g3 d6 4. Bg2 Nc6 5. e4 Be6 6. d3 Be7 7. Nge2 h6 8. O-O
Nh7 9. h3 Bg5 10. f4 exf4 11. Nxf4 Qd7 12. Kh2 Bxf4 13. Bxf4 Ne5 14. d4 Bxc4
15. dxe5 Bxf1 16. Bxf1 g5 17. Be3 O-O-O 18. exd6 Qxd6 19. Qxd6 Rxd6 20. Bc4 Rd7
21. Rf1 c6 22. Rxf7 Rxf7 23. Bxf7 b6 24. Kg2 Kd7 25. Bg6 Nf6 26. Kf2 Ke6 27.
Bd4 Ke7 28. Ke3 Rg8 29. Bf5 Nh5 30. Be5 Nf6 31. g4 Rd8 32. Bc7 Rg8 33. e5 Ne8
34. Bb8 Kd8 35. Ne4 Rg7 36. Nd6 Re7 37. Kd4 Ng7 38. b3 a6 39. a3 Ne6+ 40. Bxe6
Rxe6 41. Ke4 Kd7 42. Kf5 Re7 43. Ne4 Rf7+ 44. Nf6+ Kd8 45. Bd6 1-0

[Event "SR 3. liga A2 2004/2005"]
[Site "?"]
[Date "2004.??.??"]
[Round "?"]
[White "Lahucky, Pavol"]
[Black "Sekera, Branislav"]
[Result "1/2-1/2"]
[WhiteElo "2085"]
[BlackElo "2120"]
[Annotator "Hlohovec jun. - Modranka"]
[PlyCount "51"]
[EventDate "2004.??.??"]

1. c4 Nf6 2. Nc3 e6 3. e4 d5 4. exd5 exd5 5. d4 Be7 6. Qb3 c6 7. cxd5 Nxd5 8.
Bc4 O-O 9. Nge2 Nxc3 10. bxc3 Nd7 11. O-O Nf6 12. Bf4 b6 13. Ng3 b5 14. Bd3 Be6
15. Qc2 Re8 16. Rfe1 Qd7 17. Nf5 Bf8 18. Be5 Nd5 19. Nh6+ Kh8 20. Nf5 Kg8 21.
Ne3 g6 22. h4 Bg7 23. Bxg7 Kxg7 24. h5 Nf4 25. hxg6 Nxd3 26. Qxd3 $11 1/2-1/2

[Event "SR 3. liga A2 2004/2005"]
[Site "?"]
[Date "2004.??.??"]
[Round "?"]
[White "Sturdik, Igor"]
[Black "Gajarsky, Roman"]
[Result "1-0"]
[WhiteElo "1925"]
[BlackElo "2025"]
[Annotator "Hlohovec jun. - Modranka"]
[PlyCount "107"]
[EventDate "2004.??.??"]

1. e4 e5 2. Nf3 Nf6 3. d4 Nxe4 4. dxe5 d5 5. exd6 Bxd6 6. Bd3 Nc5 7. Be2 O-O 8.
O-O Bg4 9. Nc3 Nc6 10. Nb5 Re8 11. Nxd6 Qxd6 12. Qxd6 cxd6 13. Bd1 d5 14. Be3
b6 15. Nd4 Nxd4 16. Bxd4 Bxd1 17. Rfxd1 Rac8 18. Kf1 Ne6 19. c3 Red8 20. Rd2
Rc7 21. Rad1 Rcd7 22. Be5 f6 23. Bd4 Kf7 24. g3 Ng5 25. Rd3 Ne6 26. f4 Nc5 27.
Re3 Re8 28. Rxe8 Kxe8 29. f5 Rd6 30. Kf2 Kd7 31. Kf3 Kc6 32. g4 h6 33. Be3 Nd7
34. Bf4 Ne5+ 35. Kg3 Rd7 36. h3 a5 37. Re1 Kd6 38. Re2 b5 39. h4 Rc7 40. g5
hxg5 41. hxg5 b4 42. cxb4 axb4 43. Bd2 Rc4 44. Bf4 Re4 45. Rxe4 dxe4 46. gxf6
gxf6 47. a4 Kd5 48. Bxe5 Kxe5 49. a5 Kd5 50. a6 Kc6 51. Kf4 Kb6 52. Kxe4 Kxa6
53. Kd5 Kb5 54. b3 1-0

[Event "SR 3. liga A2 2004/2005"]
[Site "?"]
[Date "2004.??.??"]
[Round "?"]
[White "Slamena, Michal"]
[Black "Mackovic, Miroslav"]
[Result "0-1"]
[WhiteElo "2085"]
[BlackElo "1930"]
[Annotator "Hlohovec jun. - Modranka"]
[PlyCount "94"]
[EventDate "2004.??.??"]

1. e4 d6 2. d4 g6 3. c4 Nf6 4. Nc3 Bg7 5. Nf3 O-O 6. Bd3 Nc6 7. d5 Nb4 8. Bb1
c5 9. h3 Na6 10. Be3 Nd7 11. a3 Nc7 12. Qd2 Ne5 13. Nxe5 Bxe5 14. f4 Bf6 15.
Bd3 a6 16. O-O Rb8 17. a4 Bd7 18. a5 b5 19. axb6 Rxb6 20. e5 Bh8 21. exd6 exd6
22. f5 Re8 23. Kh1 Be5 24. fxg6 hxg6 25. Rf3 f5 26. Bg5 Bf6 27. Bxf6 Qxf6 28.
g4 Re5 29. Raf1 Ne8 30. gxf5 Bxf5 31. Bxf5 Rxf5 32. Rxf5 gxf5 33. Qg2+ Kf8 34.
Qc2 Ng7 35. b3 Rb7 36. Ne4 Qe5 37. Ng5 Ke8 38. Rf2 Re7 39. Ne6 Nxe6 40. dxe6
Qe1+ 41. Kg2 Rg7+ 42. Kf3 f4 43. Qe2 Qc3+ 44. Kxf4 Qg3+ 45. Ke4 Rg5 46. Rf5
Qh4+ 47. Rf4 Re5+ 0-1

[Event "SR 3. liga A2 2004/2005"]
[Site "?"]
[Date "2004.??.??"]
[Round "?"]
[White "Gajarsky, Julius"]
[Black "Hertel, Ondrej"]
[Result "0-1"]
[WhiteElo "1840"]
[BlackElo "1910"]
[Annotator "Hlohovec jun. - Modranka"]
[PlyCount "24"]
[EventDate "2004.??.??"]

1. Nf3 Nf6 2. c4 e6 3. Nc3 d5 4. e3 Be7 5. Be2 O-O 6. O-O Nbd7 7. d4 c6 8. c5
Qc7 9. b4 e5 10. dxe5 Nxe5 11. Bb2 Nfg4 12. h3 Nxf3+ 0-1

[Event "SR 3. liga A2 2004/2005"]
[Site "?"]
[Date "2004.??.??"]
[Round "?"]
[White "Kozinka, Jan"]
[Black "Kollarik, Gorazd"]
[Result "1/2-1/2"]
[WhiteElo "1720"]
[BlackElo "1840"]
[Annotator "Hlohovec jun. - Modranka"]
[PlyCount "144"]
[EventDate "2004.??.??"]

1. e4 d5 2. exd5 Qxd5 3. Nc3 Qa5 4. d4 Nf6 5. Bd2 c6 6. Bc4 Bf5 7. Nge2 e6 8.
O-O Qc7 9. h3 Bd6 10. Bg5 Nbd7 11. Bd3 Bxd3 12. Qxd3 h6 13. Bxf6 Nxf6 14. Ne4
Nxe4 15. Qxe4 O-O 16. f4 Rad8 17. Rf3 Rd7 18. Raf1 c5 19. Kh1 b6 20. f5 exf5
21. Qxf5 Re7 22. dxc5 Qxc5 23. Qxc5 Bxc5 24. Nc1 Rfe8 25. g3 f6 26. a3 Kf7 27.
Kg2 Re1 28. Rd3 R1e3 29. Rd7+ R8e7 30. Rxe7+ Kxe7 31. Rf3 Re1 32. Rf1 Rxf1 33.
Kxf1 Ke6 34. Ke2 f5 35. a4 g5 36. Nd3 Bd6 37. Kf3 Kd5 38. g4 f4 39. Nf2 Be5 40.
Nd1 a5 41. b3 Kd4 42. Ke2 Bd6 43. Kf3 Ba3 44. Ke2 Bc5 45. Kf3 Ke5 46. Ke2 Bd4
47. Kf3 Kd5 48. c3 Bc5 49. Nb2 Be7 50. Nc4 Bc5 51. Nd2 Be3 52. Nc4 Bc5 53. Ke2
Ke4 54. Nd2+ Kd5 55. Kd3 Bd6 56. Nf3 Bc5 57. h4 Be7 58. h5 Bc5 59. c4+ Kd6 60.
Ke4 Ke6 61. Kd3 Be3 62. Kc3 Bc5 63. Kc2 Be3 64. Kc3 Bc5 65. Kd3 Be3 66. Ke4 Bc5
67. Ne5 Be7 68. Nf3 Bc5 {
3xv dalsich tahoch opakovana pozicia 3x opakovana pozicia} 69. Kd3 Be3 70. Ke4
Bc5 71. Kd3 Be3 72. Ke4 Bc5 1/2-1/2

[Event "SR 3. liga A2 2004/2005"]
[Site "?"]
[Date "2004.??.??"]
[Round "?"]
[White "Sulek, Viliam"]
[Black "Doucha, Ludvik"]
[Result "1/2-1/2"]
[WhiteElo "2160"]
[BlackElo "2165"]
[Annotator "Gabcikovo - Trnava B"]
[PlyCount "121"]
[EventDate "2004.??.??"]

1. e4 e5 2. Nf3 d6 3. d4 exd4 4. Nxd4 g6 5. Nc3 Bg7 6. g3 Nc6 7. Be3 Nge7 8.
Bg2 O-O 9. Nxc6 Nxc6 10. f4 f5 11. O-O fxe4 12. Nxe4 Bxb2 13. c3 Bxa1 14. Qd5+
Kg7 15. Rxa1 Rf5 16. Qd3 d5 17. Ng5 h6 18. Nf3 Be6 19. Rb1 b6 20. Re1 Qd7 21.
g4 Rff8 22. Nh4 Bf7 23. f5 g5 24. f6+ Kh8 25. Nf5 Ne5 26. Qd4 Rae8 27. Nxh6 c5
28. Qd1 Be6 29. Bxg5 Bxg4 30. Nxg4 Qxg4 31. Qxg4 Nxg4 32. Rf1 Re5 33. h4 Kh7
34. Bh3 Nh6 35. Bf4 Re2 36. Bd6 Rf7 37. Be7 Ng8 38. Bf5+ Kh8 39. Bg4 Re5 40.
Bd6 Re4 41. Bf5 Re2 42. Bg4 Re3 43. Bf4 Re4 44. Bf5 Rxf4 45. Rxf4 Rxf6 46. Rf2
Ne7 47. Bd3 Rxf2 48. Kxf2 Kg7 49. Kg3 Kf6 50. Kf4 Nc6 51. h5 Ne5 52. Be2 Nc6
53. Bf3 Ne7 54. Bg4 b5 55. a3 a5 56. Bd7 b4 57. axb4 axb4 58. cxb4 cxb4 59. Ba4
Nc8 60. Bb3 Nb6 61. Ke3 1/2-1/2

[Event "SR 3. liga A2 2004/2005"]
[Site "?"]
[Date "2004.??.??"]
[Round "?"]
[White "Puchart, Vladimir"]
[Black "Janko, Ladislav"]
[Result "1/2-1/2"]
[WhiteElo "2085"]
[BlackElo "2200"]
[Annotator "Gabcikovo - Trnava B"]
[PlyCount "77"]
[EventDate "2004.??.??"]

1. d4 g6 2. c4 Bg7 3. Nc3 d6 4. e4 Nc6 5. Nge2 e5 6. Be3 exd4 7. Nxd4 Nf6 8.
Be2 O-O 9. O-O Re8 10. f3 Ne5 11. Qd2 c6 12. Rad1 Qc7 13. Rfe1 b6 14. Nc2 Be6
15. b3 Rad8 16. Nb4 Bc8 17. Nd3 $11 d5 18. exd5 cxd5 19. Nb5 Qd7 20. Nxe5 Rxe5
21. Bd4 dxc4 22. Bxe5 Qxd2 23. Rxd2 Rxd2 24. Bxc4 Ba6 25. Bc3 Rc2 26. Bd4 Kf8
27. Nxa7 Bxc4 28. bxc4 Rxc4 29. Bxb6 Nd5 30. Bf2 Rc2 31. Nb5 Rxa2 32. Nd6 Bf6
33. Bc5 Kg7 34. Ne8+ Kh6 35. Nxf6 Nxf6 36. Be3+ Kg7 37. Bd4 Rd2 38. Bxf6+ Kxf6
39. Kf1 1/2-1/2

[Event "SR 3. liga A2 2004/2005"]
[Site "?"]
[Date "2004.??.??"]
[Round "?"]
[White "Petenyi, Tamas"]
[Black "Krist, Milan"]
[Result "1-0"]
[WhiteElo "2035"]
[BlackElo "2000"]
[Annotator "Gabcikovo - Trnava B"]
[PlyCount "85"]
[EventDate "2004.??.??"]

1. e4 e6 2. d4 d5 3. Nc3 Bb4 4. e5 c5 5. a3 cxd4 6. axb4 dxc3 7. Nf3 Ne7 8. Bd3
Qc7 9. O-O Nbc6 10. Bb5 Bd7 11. Bf4 cxb2 12. Rb1 a6 13. Be2 Ng6 14. Bg3 Nxb4
15. Rxb2 Nc6 16. c4 dxc4 17. Bxc4 O-O 18. Bd3 Nce7 19. h4 Rfd8 20. h5 Nf8 21.
Qb1 Bb5 22. Bxb5 axb5 23. Rxb5 Rd7 24. Rc1 Qb8 25. h6 gxh6 26. Bf4 Nfg6 27.
Bxh6 Nd5 28. Ng5 b6 29. f4 Ndxf4 30. Nxh7 Kxh7 31. Bxf4 Kg7 32. Bg5 Nxe5 33.
Qe4 f6 34. Bxf6+ Kxf6 35. Rf1+ Ke7 36. Rxe5 Qg8 37. Re1 Rd6 38. Qb7+ Kf6 39.
R5e3 Ra5 40. Rf3+ Rf5 41. Rxf5+ Kxf5 42. Qf3+ Kg6 43. Qg3+ 1-0

[Event "SR 3. liga A2 2004/2005"]
[Site "?"]
[Date "2004.??.??"]
[Round "?"]
[White "Puskas, Miroslav"]
[Black "Puobis, Jozef"]
[Result "1-0"]
[WhiteElo "2105"]
[BlackElo "2060"]
[Annotator "Gabeikovo - Trnava B"]
[PlyCount "64"]
[EventDate "2004.??.??"]

1. e4 d5 2. exd5 Nf6 3. c4 c6 4. dxc6 Nxc6 5. Nf3 e5 6. Nc3 Bb4 7. Be2 O-O 8.
O-O e4 9. Ne1 Nd4 10. Nc2 Bxc3 11. dxc3 Nxe2+ 12. Qxe2 Bg4 13. Qe3 Qc7 14. h3
Bh5 15. b3 a5 16. Nd4 a4 17. Qf4 Qc5 18. Be3 axb3 19. axb3 Rxa1 20. Rxa1 Qc8
21. Nb5 Bg6 22. Bd4 Nh5 23. Qc7 Qe6 24. Qxb7 e3 25. Bxe3 Be4 26. Qb6 Qe5 27.
Qd4 Qe6 28. Nd6 Ba8 29. Ra5 f5 30. Nxf5 Rxf5 31. Rxa8+ Rf8 32. Rxf8+ Kxf8 1-0

[Event "SR 3. liga A2 2004/2005"]
[Site "?"]
[Date "2004.??.??"]
[Round "?"]
[White "Kosar, Mikulas ml"]
[Black "Mosny, Jaroslav"]
[Result "0-1"]
[WhiteElo "2005"]
[BlackElo "2045"]
[Annotator "Gabcikovo - Trnava B"]
[PlyCount "116"]
[EventDate "2004.??.??"]

1. e4 c5 2. Nf3 d6 3. d4 cxd4 4. Nxd4 Nf6 5. Nc3 a6 6. Bg5 e6 7. Bd3 Be7 8. f4
Nbd7 9. Qf3 Qc7 10. O-O-O O-O 11. Rhe1 Re8 12. g4 b5 13. Qh3 Nc5 14. e5 Nxd3+
15. Rxd3 dxe5 16. fxe5 Nd5 17. Qh4 Bxg5+ 18. Qxg5 Qd8 19. Qxd8 Rxd8 20. Nc6 Rd7
21. Nxd5 exd5 22. Nd4 Rc7 23. h3 Be6 24. Nf5 a5 25. Red1 b4 26. Nd6 a4 27. a3
Rb8 28. axb4 Rxb4 29. c3 a3 30. Kd2 Rxb2+ 31. Ke3 h5 32. gxh5 a2 33. Ra1 Rb1
34. Rd1 Rxc3+ 35. Kd2 Rxa1 36. Rxa1 Rxh3 37. Nb5 Rxh5 38. Nd4 Rxe5 39. Rxa2 g6
40. Nc6 Rh5 41. Ra8+ Kg7 42. Ra7 Rh3 43. Nd4 Kf6 44. Ra6 g5 45. Ke2 g4 46. Ra1
Ke5 47. Nc6+ Kf4 48. Ra4+ Kg5 49. Nd4 Bf5 50. Kf2 Rd3 51. Ke2 Be4 52. Nc6 f6
53. Ne7 Rb3 54. Rd4 f5 55. Nxd5 Bxd5 56. Rxd5 Kf4 57. Rd4+ Kg3 58. Rd2 f4 0-1

[Event "SR 3. liga A2 2004/2005"]
[Site "?"]
[Date "2004.??.??"]
[Round "?"]
[White "Vyboch, Jozef"]
[Black "Kosar, Mikulas st"]
[Result "1-0"]
[WhiteElo "1980"]
[BlackElo "2075"]
[Annotator "Gabcikovo - Trnava B"]
[PlyCount "75"]
[EventDate "2004.??.??"]

1. e4 e5 2. Nf3 Nf6 3. d4 Nxe4 4. Bd3 d5 5. Nxe5 Qf6 6. Qe2 Nd6 7. Ng6+ Be6 8.
Nxh8 g6 9. Nc3 c6 10. Qe5 Be7 11. Bf4 Nd7 12. Qxf6 Nxf6 13. O-O Kd7 14. Nxf7
Nxf7 15. Rfe1 Nh5 16. Bd2 Bf6 17. Ne2 Nd6 18. c3 a6 19. Nf4 Nxf4 20. Bxf4 Nf7
21. Re2 Re8 22. Rae1 Nd8 23. b3 b5 24. a4 Re7 25. axb5 axb5 26. Ra1 Ke8 27. Ra8
Bd7 28. Kf1 Rxe2 29. Kxe2 Ke7 30. g3 Ne6 31. Be5 Bxe5 32. dxe5 Nc5 33. b4 Bg4+
34. Ke3 Nxd3 35. Kxd3 Bf5+ 36. Kd4 Bd7 37. Kc5 h5 38. f4 1-0

[Event "SR 3. liga A2 2004/2005"]
[Site "?"]
[Date "2004.??.??"]
[Round "?"]
[White "Kubica, Adrian"]
[Black "Bahna, Jan"]
[Result "1/2-1/2"]
[WhiteElo "1950"]
[BlackElo "2005"]
[Annotator "Gabeikovo - Trnava B"]
[PlyCount "35"]
[EventDate "2004.??.??"]

1. e4 e5 2. Nf3 Nc6 3. d4 exd4 4. Bc4 d6 5. Nxd4 Nf6 6. O-O Be7 7. Nc3 O-O 8.
Re1 Re8 9. Nd5 Nxd5 10. Nxc6 bxc6 11. exd5 c5 12. Bb5 Bd7 13. Bxd7 Qxd7 14. Be3
Bf6 15. Rb1 Rab8 16. b3 Qf5 17. c4 Re7 18. Qf3 1/2-1/2

[Event "SR 3. liga A2 2004/2005"]
[Site "?"]
[Date "2004.??.??"]
[Round "?"]
[White "Horak, Ivan"]
[Black "Hrubsa, Vladimir"]
[Result "1-0"]
[WhiteElo "2175"]
[BlackElo "1990"]
[Annotator "Gbely - Skalica"]
[PlyCount "63"]
[EventDate "2004.??.??"]

1. e4 c6 2. d4 d5 3. Nd2 dxe4 4. Nxe4 Nf6 5. Nxf6+ exf6 6. Nf3 Bg4 7. Be2 Bd6
8. O-O O-O 9. Be3 Qc7 10. h3 Bh5 11. c4 Rd8 12. Qc1 Qc8 13. Rd1 Na6 14. d5 cxd5
15. Rxd5 Bg6 16. Qd2 Bc5 17. Bxc5 Nxc5 18. Rd1 Re8 19. b4 Ne6 20. c5 Be4 21.
Rd6 a5 22. a3 axb4 23. axb4 Ra3 24. Bb5 Bc6 25. Bxc6 bxc6 26. Nd4 Nxd4 27. Qxd4
Ra2 28. Rd8 Qe6 29. Rxe8+ Qxe8 30. b5 cxb5 31. c6 Rc2 32. Qe4 1-0

[Event "SR 3. liga A2 2004/2005"]
[Site "?"]
[Date "2004.??.??"]
[Round "?"]
[White "Vepy, Ivan"]
[Black "Pribila, Michal"]
[Result "0-1"]
[WhiteElo "1890"]
[BlackElo "2055"]
[Annotator "Gbely - Skalica"]
[PlyCount "132"]
[EventDate "2004.??.??"]

1. e4 c5 2. Nf3 d6 3. d4 cxd4 4. Nxd4 Nf6 5. Nc3 a6 6. Bg5 e6 7. Bd3 Be7 8. Qd2
h6 9. Bh4 Nbd7 10. Nb3 b5 11. a3 Bb7 12. O-O-O Rc8 13. f4 Qc7 14. Kb1 Nc5 15.
Nxc5 dxc5 16. e5 Nd5 17. Nxd5 Bxd5 18. Bxe7 Qxe7 19. c3 O-O 20. f5 exf5 21.
Bxf5 Rcd8 22. Qe3 Rfe8 23. Rde1 b4 24. cxb4 cxb4 25. Rhf1 bxa3 26. Qxa3 Qxa3
27. bxa3 Rb8+ 28. Ka1 Rb3 29. Rf4 Rxa3+ 30. Kb2 Ra2+ 31. Kc3 Rxg2 32. Ra4 Be6
33. Bd3 Rc8+ 34. Kd4 Rd8+ 35. Ke3 Rxh2 36. Bxa6 g5 37. Bf1 Rb8 38. Ra3 Rb3+ 39.
Rxb3 Bxb3 40. Rb1 Be6 41. Rb4 Kg7 42. Kf3 Rc2 43. Bd3 Rc3 44. Ke4 h5 45. Rb2
Rc1 46. Rh2 h4 47. Be2 Kg6 48. Rf2 h3 49. Rh2 Bf5+ 50. Ke3 Rc3+ 51. Kd2 Rg3 52.
Bf1 g4 53. Rf2 Ra3 54. Bc4 Rf3 55. Ke2 Rxf2+ 56. Kxf2 Be6 57. Bd3+ Kg7 58. Kg3
Kf8 59. Be4 Ke7 60. Kf2 Kd8 61. Ke3 Kc7 62. Bh1 Kb6 63. Kf4 Kc5 64. Kg3 Bd5 65.
Kxg4 Bxh1 66. Kxh3 Kd5 0-1

[Event "SR 3. liga A2 2004/2005"]
[Site "?"]
[Date "2004.??.??"]
[Round "?"]
[White "Vach, Jozef"]
[Black "Hrubsa, Marian"]
[Result "1/2-1/2"]
[WhiteElo "2035"]
[BlackElo "1775"]
[Annotator "Gbely - Skalica"]
[PlyCount "64"]
[EventDate "2004.??.??"]

1. d4 d5 2. Nf3 e6 3. Bf4 c5 4. e3 Nc6 5. Be2 Nf6 6. Bg5 Be7 7. O-O O-O 8. c3
c4 9. Nbd2 b5 10. Qc2 a5 11. e4 dxe4 12. Nxe4 Nxe4 13. Bxe7 Qxe7 14. Qxe4 Bb7
15. Bd1 Nb4 16. Qe2 Nd5 17. Bc2 Nf4 18. Qe3 Qf6 $11 19. Ne1 Qh4 20. f3 Qg5 21.
Kh1 Ra6 22. Be4 $11 Bd5 23. Rd1 f5 24. Bxd5 exd5 25. g3 Nh3 26. Qe5 f4 27. gxf4
Rxf4 28. Qxg5 Nxg5 29. Rd2 Re6 30. Rdf2 Nh3 31. Rg2 Rf5 32. Rd2 Re3 1/2-1/2

[Event "SR 3. liga A2 2004/2005"]
[Site "?"]
[Date "2004.??.??"]
[Round "?"]
[White "Pagac, Robert"]
[Black "Pribila, Gerhard"]
[Result "1/2-1/2"]
[WhiteElo "1800"]
[BlackElo "1715"]
[Annotator "Gbely - Saklica"]
[PlyCount "44"]
[EventDate "2004.??.??"]

1. e4 c5 2. Nf3 d6 3. d4 cxd4 4. Nxd4 Nf6 5. Nc3 g6 6. h3 Bg7 7. Be3 O-O 8. Bd3
Nc6 9. Nf3 a6 10. Qd2 Bd7 11. O-O Rc8 12. Bh6 Qc7 13. a3 Na5 14. Bxg7 Kxg7 15.
Rfe1 Nc4 16. Bxc4 Qxc4 17. e5 Ne8 18. exd6 exd6 19. Re7 Bc6 20. Nd4 Kg8 21.
Rae1 d5 22. Qe3 Ng7 1/2-1/2

[Event "SR 3. liga A2 2004/2005"]
[Site "?"]
[Date "2004.??.??"]
[Round "?"]
[White "Jozefovic, Milan"]
[Black "Baumgartner, Milan"]
[Result "1-0"]
[WhiteElo "1730"]
[BlackElo "1710"]
[Annotator "Gbely - Skalica"]
[PlyCount "35"]
[EventDate "2004.??.??"]

1. e4 e5 2. Nf3 Nc6 3. Bc4 Bc5 4. c3 h6 5. b4 Bb6 6. a4 d6 7. a5 Nf6 8. axb6
cxb6 9. d3 O-O 10. O-O a5 11. b5 Ne7 12. Nbd2 Qc7 13. Qb3 Bd7 14. Ba3 Rac8 15.
Nxe5 d5 16. Nxd7 dxc4 17. Nxf6+ gxf6 18. Nxc4 1-0

[Event "SR 3. liga A2 2004/2005"]
[Site "?"]
[Date "2004.??.??"]
[Round "?"]
[White "Salasek, Vadar"]
[Black "Kocak, Branislav"]
[Result "1/2-1/2"]
[WhiteElo "1700"]
[BlackElo "1660"]
[Annotator "Gbely - Skalica"]
[PlyCount "110"]
[EventDate "2004.??.??"]

1. d4 Nf6 2. e3 e6 3. c3 d5 4. f4 Be7 5. Bd3 Nbd7 6. Nf3 b6 7. O-O Bb7 8. Nbd2
c5 9. Ne5 Rc8 10. Ndf3 cxd4 11. exd4 h6 12. Nxd7 Nxd7 13. Ne5 Nxe5 14. fxe5 O-O
15. Qg4 Bg5 16. Bxg5 Qxg5 17. Qxg5 hxg5 18. Rf3 f6 19. Bg6 g4 20. Rf4 f5 21.
Raf1 Bc6 22. h3 gxh3 23. g4 Bb5 24. R1f2 Be8 25. gxf5 Bxg6 26. fxg6 Rxf4 27.
Rxf4 Rc7 28. Kh2 b5 29. Kxh3 a5 30. Rf3 b4 31. Kg3 Rb7 32. cxb4 Rxb4 33. Rc3
Kf8 34. Rc8+ Ke7 35. Rc7+ Kf8 36. Rf7+ Ke8 37. Rxg7 Rxb2 38. Ra7 Kf8 39. Rxa5
Rb4 40. Ra6 Rxd4 41. Rxe6 Ra4 42. Rd6 Rxa2 43. Rxd5 Kg7 44. Rd6 Ra4 45. Kf3 Rb4
46. Ke3 Ra4 47. Rd4 Ra3+ 48. Ke4 Kxg6 49. Kd5 Kf7 50. Rh4 Ke7 51. Rh7+ Ke8 52.
Ke6 Ra6+ 53. Kf5 Rb6 54. e6 Rb1 55. Kf6 Rf1+ 1/2-1/2

[Event "SR 3. liga A2 2004/2005"]
[Site "?"]
[Date "2004.??.??"]
[Round "?"]
[White "Papanek, Lubomir"]
[Black "Leska, Marian"]
[Result "1-0"]
[WhiteElo "1655"]
[BlackElo "1665"]
[Annotator "Gbely - Skalica"]
[PlyCount "77"]
[EventDate "2004.??.??"]

1. e4 e6 2. d4 d5 3. Nd2 dxe4 4. Nxe4 Nd7 5. Nf3 Ngf6 6. Bg5 Be7 7. Nxf6+ Nxf6
8. Bd3 h6 9. Bh4 O-O 10. Qe2 Nd5 11. Bg3 c5 12. O-O Qb6 13. c3 cxd4 14. Nxd4
Bd7 15. a4 a5 16. Bb5 Rfd8 17. Rfe1 Bc5 18. Rad1 Bxb5 19. Qxb5 Rac8 20. Qe2 Nf6
21. Nb5 Rd5 22. Rxd5 Nxd5 23. Be5 Ne7 24. Rd1 Ng6 25. Bd4 Bxd4 26. Rxd4 Rd8 27.
Qd2 Rxd4 28. Qxd4 Qxd4 29. Nxd4 Ne5 30. Kf1 Kf8 31. Ke2 Ke7 32. f4 Nd7 33. b4
axb4 34. cxb4 Nb6 35. a5 Nd5 36. b5 Nxf4+ 37. Kd2 Nxg2 38. a6 Kd7 39. a7 1-0

[Event "SR 3. liga A2 2004/2005"]
[Site "?"]
[Date "2004.??.??"]
[Round "?"]
[White "Godula, Martin"]
[Black "Meszaros, Lorant"]
[Result "1/2-1/2"]
[WhiteElo "2110"]
[BlackElo "2080"]
[Annotator "Piestany B - Orech. Potoo"]
[PlyCount "52"]
[EventDate "2004.??.??"]

1. e4 e5 2. Nf3 Nc6 3. Bb5 a6 4. Ba4 d6 5. c3 f5 6. d3 fxe4 7. dxe4 Nf6 8. Nbd2
Be7 9. O-O Bg4 10. Re1 O-O 11. Qc2 Nh5 12. h3 Be6 13. Qd1 Qe8 14. Nf1 Qg6 15.
Bb3 Nf4 16. Bxf4 Rxf4 17. Bxe6+ Qxe6 18. Qb3 Nd8 19. N3d2 Qxb3 20. Nxb3 Ne6 21.
g3 Rf7 22. Kg2 b6 23. Ne3 Bg5 24. h4 Bxe3 25. Rxe3 Raf8 26. Rf1 h5 $11 1/2-1/2